000
00360nam a2200169Ia 4500
008
221030s9999 xx 000 0 und d
020
_a
8183331637
041
_a
English
082
_a
105.23
100
_a
Y. Kanethkar
245
0
_a
Let Us C
250
_a
9th
260
_b
BPB Pub
_a
New Delhi
_c
2009
300
_a
758
650
_a
Computers
942
_c
BK
999
_c
6409
_d
6409